000
00507nam a2200181Ia 4500
008
090123s9999 xx 000 0 und d
082
_b
36197
100
_a
शेवते अरुण
245
_a
रात्ररंग
250
_a
1
260
_b
मेहता प्रकाशन
_c
2004
300
_a
242
600
_a
शेवते अरुण
630
_a
रात्ररंग
700
_a
शेवते अरुण
730
_a
रात्ररंग
942
_c
BOOK
999
_c
74265
_d
74265